00273nam a2200121Ia 45000030006000000080041000060400015000471000022000622450029000842600009001135460012001220050017001340STCL150530s9999 xx 000 0 und d aSTCLcSTCL aKaroat Joseph, A. aPublic economic planning c1963 aEnglish20220125165621.0